[Event "POL-chT 2nd League"]
[Site "Jastrzebia Gora"]
[Date "2022.09.05"]
[Round "3.97"]
[White "Rusiniak, Slawomir"]
[Black "Mlynarski, Kamil"]
[Result "1-0"]
[WhiteElo "2122"]
[BlackElo "1876"]
[PlyCount "65"]
[EventDate "2022.09.03"]
[EventType "team-swiss"]
[EventRounds "9"]
[EventCountry "POL"]
[SourceTitle "CBM 210 Extra"]
[Source "ChessBase"]
[SourceDate "2022.11.30"]
[SourceVersion "1"]
[SourceVersionDate "2022.11.30"]
[SourceQuality "1"]
[WhiteTeam "Zakrzewo Korona"]
[BlackTeam "Skarzysko Kamienna"]
[WhiteTeamCountry "POL"]
[BlackTeamCountry "POL"]

1. d4 Nf6 2. Nf3 g6 3. c4 Bg7 4. Nc3 c5 5. e3 0-0 6. Be2 cxd4 7. exd4 d5 8. 0-0 Nc6 9. h3 Bf5 10. Be3 Rc8 11. c5 Ne4 12. Rc1 e5 13. Nxe4 Bxe4 14. dxe5 Nxe5 15. Nd4 Nc4 16. Qb3 Nxe3 17. Qxe3 Qf6 18. Rfd1 Rfe8 19. Bb5 Re7 20. Qg3 Rec7 21. f3 Bh6 22. Rc3 Bf4 23. Qf2 Bf5 24. b4 Qg5 25. Ne2 Qf6 26. Nxf4 Qxc3 27. Nxd5 Qc2 28. Qd4 Rd8 29. Nf6+ Kg7 30. Qxd8 Rd7 31. Ne8+ Kf8 32. Rxd7 Bxd7 33. Qxd7 1-0

[Event "POL-chT 2nd League"]
[Site "Sypniewo"]
[Date "2021.09.12"]
[Round "9.2"]
[White "Kacprzak, Kacper"]
[Black "Rusiniak, Slawomir"]
[Result "1/2-1/2"]
[WhiteElo "2229"]
[BlackElo "2110"]
[PlyCount "31"]
[EventDate "2021.09.04"]
[EventType "team-swiss"]
[EventRounds "9"]
[EventCountry "POL"]
[SourceTitle "CBM 204 Extra"]
[Source "ChessBase"]
[SourceDate "2021.11.30"]
[SourceVersion "1"]
[SourceVersionDate "2021.11.30"]
[SourceQuality "1"]
[WhiteTeam "Opole Rodlo II"]
[BlackTeam "Zakrzewo Korona"]
[WhiteTeamCountry "POL"]
[BlackTeamCountry "POL"]

1. e4 g6 2. d4 Bg7 3. Nc3 d6 4. Be3 c6 5. a4 Nf6 6. f3 h5 7. Qd2 Nbd7 8. h4 Qb6 9. Bc4 d5 10. exd5 cxd5 11. Bb3 a6 12. Nge2 Qc6 13. a5 0-0 14. Nf4 e6 15. 0-0-0 Re8 16. Kb1 1/2-1/2

[Event "POL-chT 2nd League"]
[Site "Sypniewo"]
[Date "2021.09.10"]
[Round "7.4"]
[White "Rusiniak, Slawomir"]
[Black "Kujawski, Adam"]
[Result "1/2-1/2"]
[WhiteElo "2110"]
[BlackElo "2239"]
[PlyCount "137"]
[EventDate "2021.09.04"]
[EventType "team-swiss"]
[EventRounds "9"]
[EventCountry "POL"]
[SourceTitle "CBM 204 Extra"]
[Source "ChessBase"]
[SourceDate "2021.11.30"]
[SourceVersion "1"]
[SourceVersionDate "2021.11.30"]
[SourceQuality "1"]
[WhiteTeam "Zakrzewo Korona"]
[BlackTeam "Bydgoszcz Hetman"]
[WhiteTeamCountry "POL"]
[BlackTeamCountry "POL"]

1. d4 Nf6 2. Nf3 c5 3. c3 d5 4. Bf4 Nc6 5. e3 Qb6 6. Qb3 c4 7. Qc2 Bf5 8. Qc1 Nh5 9. Nbd2 Nxf4 10. exf4 e6 11. Be2 Be7 12. 0-0 Qa5 13. Ne5 Nxe5 14. fxe5 h6 15. Bd1 b5 16. a3 0-0 17. Bc2 Qb6 18. Bxf5 exf5 19. Qb1 g6 20. b4 a5 21. Qb2 Qc6 22. f4 Ra6 23. Nf3 Qe6 24. Rfb1 axb4 25. axb4 Rfa8 26. Rxa6 Qxa6 27. Ne1 g5 28. g3 gxf4 29. gxf4 Kh7 30. Ng2 Qg6 31. Qe2 Ra3 32. Rc1 Qa6 33. Qc2 Qg6 34. Qe2 Qa6 35. Qh5 Kg8 36. Qxf5 Rxc3 37. Qg4+ Kh7 38. Qf5+ Kg7 39. Qg4+ Kh8 40. Rxc3 Qa1+ 41. Kf2 Qxc3 42. f5 Qd2+ 43. Kf1 Qd3+ 44. Kf2 Bxb4 45. f6 Qd2+ 46. Kf1 Qg5 47. Qc8+ Kh7 48. Qd7 Qc1+ 49. Kf2 Qd2+ 50. Kf3 Qd1+ 51. Kg3 Qd3+ 52. Kg4 Qe2+ 53. Kg3 Qd3+ 54. Kg4 Qg6+ 55. Kf3 Bd2 56. Qxd5 c3 57. Nh4 Qd3+ 58. Kg4 Qe2+ 59. Kh3 Qf1+ 60. Kg4 Qe2+ 61. Kh3 Qf1+ 62. Kg4 Qc4 63. Qe4+ Kh8 64. Qa8+ Kh7 65. Qe4+ Kh8 66. Qa8+ Kh7 67. Qe4+ Kh8 68. Nf5 c2 69. Ne7 1/2-1/2

[Event "POL-chT 2nd League"]
[Site "Sypniewo"]
[Date "2021.09.06"]
[Round "3.5"]
[White "Strzelecki, Jerzy"]
[Black "Rusiniak, Slawomir"]
[Result "0-1"]
[WhiteElo "1924"]
[BlackElo "2110"]
[PlyCount "74"]
[EventDate "2021.09.04"]
[EventType "team-swiss"]
[EventRounds "9"]
[EventCountry "POL"]
[SourceTitle "CBM 204 Extra"]
[Source "ChessBase"]
[SourceDate "2021.11.30"]
[SourceVersion "1"]
[SourceVersionDate "2021.11.30"]
[SourceQuality "1"]
[WhiteTeam "Lodz Okucia Budowlane"]
[BlackTeam "Zakrzewo Korona"]
[WhiteTeamCountry "POL"]
[BlackTeamCountry "POL"]

1. Nf3 g6 2. c4 Bg7 3. g3 Nf6 4. Bg2 0-0 5. 0-0 c6 6. Nc3 d5 7. cxd5 Nxd5 8. d4 Nxc3 9. bxc3 Be6 10. e4 Nd7 11. Qc2 Bc4 12. Rd1 Qa5 13. Bf4 Rfd8 14. Rd2 e5 15. dxe5 Nxe5 16. Bxe5 Bxe5 17. Nxe5 Qxe5 18. Rad1 Rxd2 19. Rxd2 a5 20. Bf1 Bxf1 21. Kxf1 a4 22. f4 Qe6 23. e5 Ra5 24. Rd4 a3 25. c4 b5 26. Qc3 Ra4 27. Ke2 Kg7 28. Ke3 c5 29. Re4 b4 30. Qa1 Ra7 31. g4 Rd7 32. f5 gxf5 33. gxf5 Qh6+ 34. Rf4 Rd4 35. Qf1 Qxf4+ 36. Qxf4 Rxf4 37. Kxf4 b3 0-1

[Event "POL-chT 2nd League"]
[Site "Poronin"]
[Date "2020.09.08"]
[Round "4.2"]
[White "Smolka, Marcin"]
[Black "Rusiniak, Slawomir"]
[Result "1-0"]
[WhiteElo "2185"]
[BlackElo "2098"]
[PlyCount "74"]
[EventDate "2020.09.05"]
[EventType "team-swiss"]
[EventRounds "9"]
[EventCountry "POL"]
[SourceTitle "CBM 198 Extra"]
[Source "ChessBase"]
[SourceDate "2020.11.30"]
[SourceVersion "1"]
[SourceVersionDate "2020.11.30"]
[SourceQuality "1"]
[WhiteTeam "Chrzanow Olimpijczyk"]
[BlackTeam "Zakrzewo Korona"]
[WhiteTeamCountry "POL"]
[BlackTeamCountry "POL"]

1. e4 g6 2. d4 Bg7 3. Nc3 c5 4. Nf3 cxd4 5. Nxd4 d6 6. Be3 Nf6 7. Be2 Nc6 8. 0-0 0-0 9. f4 Bd7 10. Nb3 Be6 11. Bf3 Qc8 12. h3 Bc4 13. Re1 Rd8 14. Qd2 e6 15. Rad1 d5 16. e5 Nd7 17. Nd4 Nxd4 18. Bxd4 Bf8 19. f5 Bc5 20. fxe6 fxe6 21. b3 Ba6 22. Nxd5 exd5 23. Bxd5+ Kg7 24. e6+ Nf6 25. c4 Qc7 26. e7 Bxe7 27. Rxe7+ Qxe7 28. Re1 Qf8 29. Re6 Rxd5 30. cxd5 Kg8 31. Rxf6 Qe8 32. Qh6 Qe7 33. d6 Qd7 34. Rxg6+ hxg6 35. Qh8+ Kf7 36. Qg7+ Ke6 37. Qf6+ Kd5 1-0

[Event "Malbork-ch"]
[Site "Malbork"]
[Date "1999.??.??"]
[Round "?"]
[White "Rusiniak, Slawomir"]
[Black "Piasecki, Thomas"]
[Result "1-0"]
[WhiteElo "2128"]
[BlackElo "2225"]
[PlyCount "71"]
[EventDate "1999.??.??"]
[EventType "swiss"]
[EventRounds "9"]
[EventCountry "POL"]
[SourceTitle "EXT 2003"]
[Source "ChessBase"]
[SourceDate "2002.11.25"]
[SourceVersion "1"]
[SourceVersionDate "2002.11.25"]
[SourceQuality "1"]

1. d4 Nf6 2. c4 c5 3. e3 d6 4. Nc3 cxd4 5. exd4 g6 6. Nf3 Bg7 7. Bd3 0-0 8. 0-0 Na6 9. a3 Nc7 10. h3 Bd7 11. Bf4 a6 12. Rc1 Rc8 13. b4 b5 14. c5 Ncd5 15. Nxd5 Nxd5 16. Bg3 Be6 17. Qd2 Qd7 18. Rfd1 Nf6 19. Re1 Bd5 20. Kh2 Nh5 21. Be4 Nxg3 22. Bxd5 Nf5 23. Be4 d5 24. Bxf5 gxf5 25. Qg5 f6 26. Qe3 Kf7 27. Qd3 Rc6 28. Nh4 e6 29. f4 h5 30. Re2 Qc7 31. Rf1 a5 32. Qg3 Ke8 33. Nxf5 Rg8 34. Nd6+ Rxd6 35. cxd6 Qxd6 36. Rfe1 1-0